| 000 | 00420nab a2200145Ia 4500 | ||
|---|---|---|---|
| 003 | ES-SlBCS | ||
| 005 | 20210601125206.0 | ||
| 008 | 140529s1986 xxu||||| |||| 00| 0 eng d | ||
| 041 | _aeng | ||
| 100 | 1 |
_aHocutt, Max _9155118 |
|
| 245 | 0 | 0 |
_aMust Relativists Tolerate Evil? _c Max Hocutt |
| 650 | 0 | 4 |
_aRelativismo _994349 |
| 773 | 0 |
_tPhilosophical Forum (The) _gvol. 17, nº. 3, 1986, págs. 188-200 _wRev833 |
|
| 942 | _cAR | ||
| 999 |
_c526261 _d526261 |
||